000 00303nam a2200109Ia 4500
008 190216s9999||||xx |||||||||||||| ||und||
100 _aMohan Murali J
245 0 _aEngineering Colleges Entrance Examinations
260 _b"Murali`S Educational Publishers, Madras"
_c1991
300 _a450p
942 _cREF
999 _c36145
_d36145